000 00476nam a2200181Ia 4500
003 IIN
005 20240205153807.0
008 231217s9999 xx 000 0 und d
020 _cRs.275.00
_a9789354518591 (pbk)
040 _aIIN
_bEnglish
082 _a572.3
_bDAS
100 1 _aDas, Kuntal
245 1 _aApplied Biochemistry :
_bfor B.Sc 2nd sem /
_cKuntal Das
260 _aPune :
_bNirali Prakashan,
_c2023
300 _a8.9p.
650 1 _aBiochemistry
942 _cBOOK
999 _c1640
_d1640